|
|
|
|
| LEADER |
03277nam a22004573i 4500 |
| 001 |
EBC6913606 |
| 003 |
MiAaPQ |
| 005 |
20231204023221.0 |
| 006 |
m o d | |
| 007 |
cr cnu|||||||| |
| 008 |
231204s2020 xx o ||||0 cze d |
| 020 |
|
|
|a 9788021098220
|q (electronic bk.)
|
| 020 |
|
|
|z 9788021098213
|
| 035 |
|
|
|a (MiAaPQ)EBC6913606
|
| 035 |
|
|
|a (Au-PeEL)EBL6913606
|
| 035 |
|
|
|a (OCoLC)1305842579
|
| 040 |
|
|
|a MiAaPQ
|b eng
|e rda
|e pn
|c MiAaPQ
|d MiAaPQ
|
| 100 |
1 |
|
|a Janíková, Věra.
|
| 245 |
1 |
0 |
|a Výzkum v didaktice cizích jazyků III.
|
| 250 |
|
|
|a 1st ed.
|
| 264 |
|
1 |
|a Brno :
|b Masaryk University,
|c 2020.
|
| 264 |
|
4 |
|c {copy}2021.
|
| 300 |
|
|
|a 1 online resource (177 pages)
|
| 336 |
|
|
|a text
|b txt
|2 rdacontent
|
| 337 |
|
|
|a computer
|b c
|2 rdamedia
|
| 338 |
|
|
|a online resource
|b cr
|2 rdacarrier
|
| 505 |
0 |
|
|a Intro -- OBSAH -- ÚVOD -- PREFACE -- OBAVA Z KOMUNIKACE V CIZÍM JAZYCE VE VÝUCE: ČESKÁ ADAPTACE ŠKÁLY FOREING LANGUE CLASSROOM ANXIETY SCALE -- Foreign Language Classroom Anxiety: Czech Adaptation of Foreign Language Classroom Anxiety Scale -- Jaroslava JELÍNKOVÁ -- PILOTÁŽ ČESKÉHO PŘEKLADU DOTAZNÍKU STYLŮ UČENÍ SE CIZÍMU JAZYKU -- Pilot study of a Czech Version of a Language Learning Styles Questionnaire -- Petra LANGEROVÁ -- Učení se slovní zásobě ve dvojicích -- Vocabulary Learning in Pairs -- Barbora kousalová -- VÝZKUM V OBLASTI JAZYKOVÉHO PORADENSTVÍ: PŘEHLEDOVÁ STUDIE -- Research in the Field of Language Advising: Review Study -- Martina ŠINDELÁŘOVÁ SKUPEŇOVÁ -- POČÍTAČEM PODPOROVANÉ ROLOVÉ A SIMULAČNÍ HRY A JEJICH VLIV NA PLYNULOST U ŘEČOVÉ DOVEDNOSTI MLUVENÍ U STUDENTŮ ANGLIČTINY JAKO CIZÍHO JAZYKA: PILOTNÍ VÝZKUM -- Computer-assisted Role-playing and Simulation Games and Their Influence on Speaking Fluency among Learners of English as Foreign Language: Pilot Study -- Ondřej KRAHULEC -- ROLE OSOBNÍCH ZÁJMEN V ODBORNÉM ANGLICKY PSANÉM DISKURZU A ROZVOJ DOVEDNOSTI AKADEMICKÉHO PSANÍ -- Role of the Personal Pronouns in Academic Discourse and Development of Academic Writing at the University Level -- Veronika STANISLAVOVÁ -- USTÁLENÁ SLOVNÍ SPOJENÍ V ODBORNÉM PSANÉM DISKURZU: PŘEHLEDOVÁ STUDIE -- Multiword Expressions in Academic Writing Discourse: a Literary Review -- Hana ATCHESON.
|
| 588 |
|
|
|a Description based on publisher supplied metadata and other sources.
|
| 590 |
|
|
|a Electronic reproduction. Ann Arbor, Michigan : ProQuest Ebook Central, 2023. Available via World Wide Web. Access may be limited to ProQuest Ebook Central affiliated libraries.
|
| 655 |
|
4 |
|a Electronic books.
|
| 700 |
1 |
|
|a Hanušová, Světlana.
|
| 700 |
1 |
|
|a Atcheson, Hana.
|
| 700 |
1 |
|
|a Jelínková, Jaroslava.
|
| 700 |
1 |
|
|a Kousalová, Barbora.
|
| 700 |
1 |
|
|a Krahulec, Ondřej.
|
| 700 |
1 |
|
|a Langerová, Petra.
|
| 700 |
1 |
|
|a Stanislavová, Veronika.
|
| 700 |
1 |
|
|a Šindelářová, Martina.
|
| 776 |
0 |
8 |
|i Print version:
|a Janíková, Věra
|t Výzkum v didaktice cizích jazyků III
|d Brno : Masaryk University,c2020
|z 9788021098213
|
| 797 |
2 |
|
|a ProQuest (Firm)
|
| 856 |
4 |
0 |
|u https://ebookcentral.proquest.com/lib/matrademy/detail.action?docID=6913606
|z Click to View
|